Brasileirão 2026 - Statistics

Estatísticas Gerais
  • Esse quiz foi jogado 12 vezes
  • A pontuação média é 104 de 222
Estatísticas das Respostas
Respostas % Correto
B Athletic
100%
D Atlético CE
100%
A3 | D Atlético de Alagoinhas
100%
B Atlético GO
100%
A | A1 Atlético MG
100%
A2 Atlético PI
100%
A | A1 Botafogo
100%
C Botafogo PB
100%
B Botafogo SP
100%
A | A1 Corinthians
100%
A | A1 Flamengo
100%
A Mirassol
100%
A | A1 Palmeiras
100%
A | A1 São Paulo
100%
A | A2 Vasco da Gama
100%
A1 | B América MG
91%
D América RJ
91%
D América RN
91%
A Athletico PR
91%
A3 Brasil de Farroupilha
91%
D Brasil de Pelotas
91%
A2 | B Ceará
91%
A Chapecoense
91%
A | A3 Coritiba
91%
D CSA
91%
A1 | C Ferroviária
91%
A | A1 Fluminense
91%
D Fluminense PI
91%
B Fortaleza
91%
A | A1 Grêmio
91%
C Guarani
91%
A3 Guarani de Paripueira
91%
A Internacional
91%
A3 Portuguesa AP
91%
D Portuguesa RJ
91%
D Portuguesa SP
91%
A | A3 Remo
91%
A | A1 Santos
91%
A2 | B Sport
91%
A | A1 Vitória
91%
D Vitória ES
91%
C Amazonas
82%
A | A1 Bahia
82%
A | A1 Bragantino
82%
B CRB
82%
A3 | B Criciúma
82%
A | A1 Cruzeiro
82%
B Cuiabá
82%
B Goiás
82%
A1 | B Juventude
82%
A3 Juventude SE
82%
B Náutico
82%
B Ponte Preta
82%
B Avaí
73%
B Londrina
73%
D Operário MS
73%
B Operário PR
73%
D Operário VG
73%
A2 | C Paysandu
73%
A2 | B Vila Nova
73%
D ABC
64%
D Brasiliense
64%
D Cascavel
64%
C Caxias
64%
C Figueirense
64%
D Joinville
64%
D Manaus
64%
B Novorizontino
64%
D Rio Branco ES
64%
C Santa Cruz
64%
D Ferroviário
55%
C Ituano
55%
C Maringá
55%
A3 | D Sampaio Corrêa
55%
D Sampaio Corrêa RJ
55%
C Barra
45%
D Juazeirense
45%
A1 | D Mixto
45%
A3 Mixto PB
45%
D Nacional AM
45%
D São José RS
45%
A3 São José SP
45%
D Velo Clube
45%
C Volta Redonda
45%
D XV de Piracicaba
45%
D Água Santa
36%
D ASA
36%
C Brusque
36%
D Gama
36%
C Inter de Limeira
36%
A1 Internacional
36%
D Madureira
36%
C Maranhão
36%
D Marcílio Dias
36%
D Nova Iguaçu
36%
D Treze
36%
D Uberlândia
36%
C Anápolis
27%
D Cianorte
27%
C Confiança
27%
D CSE
27%
D Guarany de Bagé
27%
D Luverdense
27%
D Porto BA
27%
D Pouso Alegre
27%
A3 Realidade Jovem
27%
B São Bernardo
27%
D Sousa
27%
A3 Ypiranga AP
27%
C Ypiranga de Erechim
27%
D Azuriz
18%
D Democrata GV
18%
D Gazin Porto Velho
18%
D Jacuipense
18%
D Maricá
18%
D Noroeste
18%
A3 Penarol
18%
A3 Real Heips
18%
D Real Noroeste
18%
D Retrô
18%
D Santa Catarina
18%
D São Luiz
18%
D Sergipe
18%
A3 Tiradentes PA
18%
A3 União RN
18%
A2 3B da Amazonia
9%
D ABECAT
9%
D Altos
9%
D Aparecidense
9%
D Araguaína
9%
D Betim Futebol
9%
D Blumenau
9%
D CRAC
9%
C Floresta
9%
D GAS
9%
D Goiatuba
9%
D Guaporé
9%
D Imperatriz
9%
D Independência
9%
C Itabaiana
9%
A2 Itabirito
9%
D Ivinhema
9%
D Manauara
9%
A3 Mauaense
9%
D Monte Roraima
9%
A3 Paraíso
9%
A2 Pérolas Negras
9%
D Piauí
9%
A3 R4
9%
D São Joseense
9%
A3 | D São Raimundo RR
9%
D Tirol
9%
D Tocantinópolis
9%
D Tombense
9%
D Trem
9%
D Tuna Luso
9%
A2 Ação
0%
D Águia de Marabá
0%
A3 Araguari
0%
D Capital DF
0%
D Ceilândia
0%
D Central
0%
A3 CRESSPOM
0%
D Decisão Goiana
0%
A2 Doce Mel/Jequié EC
0%
A3 | D Galvez
0%
D Humaitá
0%
D IAPE
0%
D Iguatu
0%
D Inhumas
0%
A3 Ipojuca
0%
A2 Itacoatiara
0%
A3 Itapuense
0%
D Lagarto
0%
D Laguna
0%
A3 Liga Sanjoanense Piripiri
0%
D Maguary
0%
D Maracanã CE
0%
A2 Minas Brasília
0%
D Moto Club
0%
D Oratório
0%
A3 Pantanal
0%
D Parnahyba
0%
A3 Planalto
0%
D Primavera
0%
A3 Prosperidade
0%
A2 Rio Negro RR
0%
A3 Rolim de Moura
0%
D Serra Branca
0%
A2 Taubaté
0%
A2 UDA
0%
D União Rondonópolis
0%
A3 Várzea Grande
0%
Nenhum quiz correspondente encontrado
Distribuição das Pontuações
Porcentagem de Pessoas com Cada Pontuação
Percentil de Números Respondidos
Sua Pontuação Histórica
Você não jogou esse quiz